| 000 | 00785nam a2200253Ia 4500 | ||
|---|---|---|---|
| 003 | OSt | ||
| 005 | 20221005031127.0 | ||
| 006 | a|||||r|||| 00| 0 | ||
| 007 | ta | ||
| 008 | 221004b |||||||| |||| 00| 0 eng d | ||
| 020 |
_a9780745670645 _c1531.43 |
||
| 024 | _a13327 | ||
| 037 |
_b13115514, 18/03/2014, Atlantic Publisher & Dist. Pvt Ltd. _cTextual |
||
| 040 |
_aCRL _cCRL _beng |
||
| 041 |
_2eng _aeng |
||
| 082 | _aY:45, Q3 | ||
| 100 | _aBernstein Richard J | ||
| 245 | 0 |
_aViolence _b Thinking without banisters |
|
| 260 |
_aCambridge _bPolity Press UK _c2013 |
||
| 300 |
_aix,228p. _ccm. |
||
| 650 | _aSOCIOLOGY | ||
| 942 |
_hY:45, Q3 _cTEXL _2cc |
||
| 999 |
_c937240 _d937240 |
||